000 00919nam a22001817a 4500
999 _c1009
_d1009
005 20200312160055.0
008 200312b ||||| |||| 00| 0 eng d
020 _a9781471407369
040 _cKH8
082 _aFIC BLA
100 _aBlack, Holly
_eauthor
245 _aThe wicked king /
_cHolly Black.
260 _aLondon :
_bHot Key Books,
_c2019.
300 _a368 pages ;
_bmap :
_c20 cm.
440 _aThe folk of the air ;
_nBook 2.
520 _aJude has tricked Cardan onto the throne, binding him to her for a year and a day. But the new High King does everything in his power to humiliate and undermine her, even as his fascination with her remains undimmed. Meanwhile, a traitor in the court is scheming against her. Jude must fight for her life and the lives of those she loves, all while battling her own complicated feelings for Cardan. Now a year and a day seems like no time at all
942 _2ddc
_cFIC